Qué es la filosofía?.
Sparad:
| Huvudupphovsman: | |
|---|---|
| Materialtyp: | Bok |
| Språk: | Undetermined |
| Publicerad: |
Guatemala
Universidad de San Carlos
1948
|
| Ämnen: | |
| Taggar: |
Lägg till en tagg
Inga taggar, Lägg till första taggen!
|
MARC
| LEADER | 00000nam a2200000Ia 4500 | ||
|---|---|---|---|
| 008 | 170316s9999 xx 000 0 und d | ||
| 090 | |a 100 F-36q | ||
| 100 | |a Frondizi, Risieri | ||
| 245 | |a Qué es la filosofía?. | ||
| 260 | |a Guatemala | ||
| 260 | |b Universidad de San Carlos | ||
| 260 | |c 1948 | ||
| 300 | |a 23 páginas | ||
| 650 | |a FILOSOFÍA | ||
| 999 | |c 16218 |d 16218 | ||
| 040 | |a cru BVZT | ||
| 942 | |c 15 D |h 100 F-36q |2 z | ||
